• 首页
  • 本馆介绍
  • 公告通知
  • 最新文献
  • 馆藏检索
  • 电子资源
  • 读者导购
  • 参考咨询
  • 我的图书馆
  • 登录
  • 详细信息显示
  • 放入我的书架
  • 预约/预借图书
  • 作者相关作品
  • 分类相关作品
  • 丛书相关作品
  • 出版社相关作品

书目信息

  • 表格格式
  • 工作单格式
  • 卡片格式
题名:
孔祥瑞
    
 
作者: 王新英 , 刘宇 著
分册:  
出版信息: 长春   吉林文史出版社  2012
页数: 128页
开本: 22cm
丛书名: 100位新中国成立以来感动中国人物丛书
单 册:
中图分类: K828.1-49 , K828.1
科图分类:
主题词:
电子资源:
ISBN: 978-7-5472-1212-7
000 00859oam2 2200277 450
001 2369669429
005 20231129020933.83
010    @a978-7-5472-1212-7@dCNY29.80
100    @a20130127d2012 cd y0chiy50 ea
101 0  @achi
102    @aCN@b220000
105    @aa z 000yb
200 1  @a孔祥瑞@Akong xiang rui@f王新英, 刘宇著
210    @a长春@c吉林文史出版社@d2012
215    @a128页@c图@d22cm
225 2  @a100位新中国成立以来感动中国人物丛书
300    @a国家出版基金项目 社会主义核心价值体系建设 “双百”出版工程项目
410  0 @12001 @a100位新中国成立以来感动中国人物丛书
600  0 @a孔祥瑞@x生平事迹@j青年读物
600  0 @a孔祥瑞@x生平事迹@j少年读物
690    @aK828.1-49@v5
690    @aK828.1@v4
701  0 @a王新英@Awang xin ying@4著
701  0 @a刘宇@Aliu yu@4著
801  0 @aCN@b91MARC@c20130904
905    @aZUCC@dK828.1@e13
    
    孔祥瑞/王新英, 刘宇著.-长春:吉林文史出版社,2012
    128页:图;22cm.-(100位新中国成立以来感动中国人物丛书)
    国家出版基金项目 社会主义核心价值体系建设 “双百”出版工程项目
    
    ISBN 978-7-5472-1212-7:CNY29.80
    
●
相关链接 在五车中查询图书 在当当中查询图书 在豆瓣中查询图书


正题名:孔祥瑞     索取号:K828.1/13         预约/预借

序号 登录号 条形码 馆藏地/架位号 状态 备注
1 2001006838   2001006838   第四书库/四31架A面1层3列/ [索取号:K828.1/13] 在馆    
2 2001006839   2001006839   第四书库/四31架A面1层3列/ [索取号:K828.1/13] 在馆    
3 2001006840   2001006840   培训中心一楼图书角/培训中心东北7行4列/ [索取号:K828.1/13] 在馆    
4 2001006841   2001006841   培训中心一楼图书角/培训中心东北7行4列/ [索取号:K828.1/13] 在馆    
5 2001006842   2001006842   培训中心一楼图书角/培训中心东北7行4列/ [索取号:K828.1/13] 在馆    
6 2001006843   2001006843   第四书库/四31架A面6层2列/ [索取号:K828.1/13] 在馆    
山东省滨州职业学院图书馆 欢迎您!
大连网信软件有限公司© 版权所有